LEADER 01261nam a2200265 u 4500 001 000000047739 003 CaOOAMICUS 005 20070226114922.0 008 000127s1982 it u000 u fre u 035 $a10839742 040 $aMSA$bita$dPUL(R) 100 1 $aMinier, Marc.$0(OLS)http://pul/name/34680 245 12$aL'episcopat francais du ralliement a Vatican II /$cMarc Minier. 260 $aPadova :$bCEDAM,$cc1982. 300 $a228 p. ;$c25 cm 490 1 $aQuaderni ed interventi dell'Istituto di storia delle istituzioni religiose e relazioni tra Stato e Chiesa dell'Università di Firenze ;$v5 504 $aBibliografia in nota. 650 4$aVescovi$zFrancia$y1922-1960.$0(OLS)http://pul/subject/20119 830 0$aQuaderni ed interventi dell'Istituto di storia delle istituzioni religiose e relazioni tra Stato e Chiesa dell'Università di Firenze ;$v5.$0(OLS)http://pul/title/49533 850 $aPUL 852 $aPUL$W1$xSL Filosofia 1$y2$m126 F 62$j63748$nBK-PRI$b $qStampati$B63748$CPULBib$Z2$F63748 $H $81 941 1 $a8 961 $aINV: 49983 996 $6245$aL'episcopat francais du ralliement a Vatican II$9(OLS)http://pul/title/64270 996 $6260$aPadova :$bCEDAM$9(OLS)http://pul/publisher/48126 LEADER 03151nam a2200433 a 4500 001 000000116994 003 CaOOAMICUS 005 20100720135217.0 008 090915s1521 it u001 u lat r 026 $aseI. *nH.$b*tut *mre (3)$c1521 (A) 040 $aPUL$bita$dRoss 100 0 $aPaulus Venetus,$cO.S.A.,$dc. 1369-1429.$0(OLS)http://pul/name/18561 245 10$aPaulus Venetus super libris posteriorum cum tabula. Pauli Veneti ... interpretatio in libris posteriorum Aristotelis novissime castigata ac cum originali ipsius doctoris ad amusim recognita per magistrum Augustinum Montifalconium utroque textu scilicet Boetij et Argiropoli interposito, quadruplicique addita tabula ... 246 30$aInterpretatio in libris posteriorum Aristotelis novissime castigata ac cum originali ipsius doctoris ad amusim recognita per magistrum Augustinum Montifalconium utroque textu scilicet Boetij et Argiropoli interposito, quadruplicique addita tabula ... 260 $e(Venetijs :$fmandato et expensis nobilis viri domini Luceantonij de Giunta Florentini,$g1521) 300 $a[6], 115, [1] c. ;$cfol. (29 cm) 500 $aTesto su due colonne. 500 $aSegnatura: [croce greca]6 a-n8 o-p6 500 $aInclude indici. 500 $aMarca tip. (K217;Z616) a c. p5v. 500 $aIniziali ornate xil. 500 $aNota tip. ricavata dal colophon. 500 $aPresenza di registro a c. p5v. 662 $aItalia$dVenezia.$0(OLS)http://pul/subject/34951 700 0 $aIohannes Argyropulus,$dc. 1415-1487.$0(OLS)http://pul/name/72741 700 1 $aBoethius, Anicius Manlius Torquatus Severinus,$d475/480-c. 524/525.$0(OLS)http://pul/name/1389 700 0 $aAristoteles,$d384-322 a.C.$0(OLS)http://pul/name/792 700 1 $aMontefalco, Augusto,$dfl. 1515.$0(OLS)http://pul/name/72856 710 0 $aGiunta, Lucantonio I,$d1501-1538$4pbl.$0(OLS)http://pul/name/72048 787 0 $aAegidius romanus, arciv. di Bourges c. 1243-1316.$tPosteriora Egidii. Expositio Egidii Romani super libros posteriorum Aristotelis cum textu eiusdem novissime optime recognita cunctisque erroribus expurgata.$w()116996 850 $aPUL 852 $aPUL$W1$xDP1 Antico 500$y12$m81 A 25 int.1$j134205$qStampati Antico$B133188$CPULBib$Z2$F133188 $82 900 $aBoezio,$d475/480-c. 524/525$91389 900 $aAristotle,$d 384-322 a.C.$9792 900 $aAristotele,$d384-322 a.C.$9792 941 1 $a15 996 $6246$aInterpretatio in libris posteriorum Aristotelis novissime castigata ac cum originali ipsius doctoris ad amusim recognita per magistrum Augustinum Montifalconium utroque textu scilicet Boetij et Argiropoli interposito, quadruplicique addita tabula ...$9(OLS)http://pul/title/147171 996 $6245$aPaulus Venetus super libris posteriorum cum tabula. Pauli Veneti ... interpretatio in libris posteriorum Aristotelis novissime castigata ac cum originali ipsius doctoris ad amusim recognita per magistrum Augustinum Montifalconium utroque textu scilicet Boetij et Argiropoli interposito, quadruplicique addita tabula ...$9(OLS)http://pul/title/147170 996 $6260$a[S.l.] :$b[s.n.]$9(OLS)http://pul/publisher/0